| 000 | 00000nam##2200000za#4500 |
| 001 | 9.625955 |
| 003 | CaOODSP |
| 005 | 20210615104248 |
| 007 | ta |
| 008 | 150406|2002||||xxc||||| f|0| 0 fre|d |
| 040 | |aCaOODSP|bfre |
| 043 | |an-cn--- |
| 086 | 1 |aNH18-22/102-109F |
| 110 | 2 |aSociété canadienne d'hypothèques et de logement. |
| 245 | 10|aAttaches à maçonnerie composites |
| 260 | |aOttawa - Ontario : |bSociété canadienne d'hypothèques et de logement |c2002. |
| 300 | |a4p. : |bfigures ; |c28 cm. |
| 490 | 1 |aLe point en recherche. Série technique |v02-109 |
| 563 | |aDépliant |
| 590 | |a02-34|b2002-08-23 |
| 691 | 07|aIndustrie de la construction|2gcpds |
| 691 | 07|aMatériau de construction|2gcpds |
| 775 | 08|tComposite masonry wall ties |w(CaOODSP)9.616005 |
| 776 | 0#|tAttaches à maçonnerie composites |w(CaOODSP)9.602644 |
| 830 | #0|aLe point en recherche. Série technique ;|v02-109|w(CaOODSP)9.513179 |
| 986 | |a62882 |